[Event "Regionalliga NW 0910"]
[Site "Bayern"]
[Date "2009.12.13"]
[Round "4.7"]
[White "Zimmermann, Frank1111"]
[Black "Urytskyy, Semen"]
[Result "0-1"]
[WhiteElo "1739"]
[BlackElo "1957"]
[PlyCount "92"]
[EventDate "2009.10.18"]
[EventType "team-tourn"]
[EventRounds "9"]
[EventCountry "GER"]
[SourceTitle "EXT 2011"]
[Source "ChessBase"]
[SourceDate "2010.11.26"]
[SourceVersion "1"]
[SourceVersionDate "2010.11.26"]
[SourceQuality "1"]
[WhiteTeam "Nordhalben"]
[BlackTeam "Kirchenlaibach"]
[WhiteTeamCountry "GER"]
[BlackTeamCountry "GER"]

1. Nf3 c5 2. g3 Nc6 3. Bg2 Nf6 4. b3 g6 5. Bb2 Bg7 6. 0-0 0-0 7. c4 d6 8. d4 cxd4 9. Nxd4 Bd7 10. e3 Rb8 11. Nc3 Qc8 12. Re1 Bg4 13. Qd2 Bh3 14. Bh1 Re8 15. Rac1 Qd7 16. Rcd1 Bg4 17. f3 Be6 18. e4 Nxd4 19. Qxd4 Nd5 20. Qd2 Nxc3 21. Bxc3 Bxc3 22. Qxc3 Qc7 23. Qe3 b5 24. cxb5 Rxb5 25. Rc1 Qa5 26. Re2 Rd8 27. f4 Bg4 28. Bf3 Bxf3 29. Qxf3 e6 30. Qc3 Qb6+ 31. Qe3 Qa5 32. Rec2 d5 33. exd5 Rbxd5 34. Rc8 Qxa2 35. Rxd8+ Rxd8 36. Rf1 Rb8 37. Rf3 Rd8 38. Rf2 Qa6 39. Kg2 Rd3 40. Qc1 Qb7+ 41. Kh3 Rxb3 42. Rc2 Rb5 43. Rc8+ Kg7 44. Qc3+ Kh6 45. f5 Rxf5 46. Rc7 Rh5+ 0-1